| 000 | 01057naa a22002057a 4500 | ||
|---|---|---|---|
| 001 | 2162214035925178 | ||
| 003 | UA-OsUOA | ||
| 005 | 20240723162143.0 | ||
| 008 | 240723b un ||||| |||| 00| 0 ukr d | ||
| 040 |
_aUA-OsUOA _bukr _cUA-OsUOA _dUA-OsUOA |
||
| 041 | _aukr | ||
| 080 | _a908 | ||
| 090 | _a908 | ||
| 100 |
_aВласовський І. _93634 |
||
| 245 |
_aКнязь К. К. Острозький, як український магнат, одружіння князя. Участь в політичному житті й державна служба. Польщення українських земель після Люблинської унії 1569 року _cІ. Власовський |
||
| 300 | _aС. 17–22 | ||
| 650 | _2UDC | ||
| 773 | 0 |
_0426362 _9429329 _aВласовський І. _dН.-Й. 1958 _o2132813 _tКнязь К.К. Острозький - знаменитий патрон і оборонець Православія в історії українського народу _w(UA-OsUOA) 46253 |
|
| 942 |
_2udc _cBKA |
||
| 999 |
_c576763 _d576763 |
||